Bilecik Bilecik Bilecik Bilecik Bilecik

Kitabü'l-Haşaiş Fi't-Tıb = (Record no. 45583)

MARC details
000 -BAŞLIK
Sabit Uzunluktaki Kontrol Alanı 01573nam a22004217a 4500
001 - KONTROL NUMARASI
Control Dosyası 0045614
003 - KONTROL NUMARASI KİMLİĞİ
Kontrol Alanı KOHA_MİRAKIL
005 - EN SON İŞLEM TARİHİ ve ZAMANI
Kontrol Alanı 20260207003451.0
007 - FİZİKSEL TANIM SABİT ALAN - GENEL BİLGİ
Sabit uzunluklu kontrol alanı ta
008 - SABİT UZUNLUKTAKİ VERİ ÖGELERİ - GENEL BİLGİ
Sabit Alan 140205b2012 tu |||gr||||#||||0|xxx |
020 ## - ISBN - ULUSLARARASI STANDART KİTAP NUMARASI
Isbn 9789751736574
040 ## - KATALOGLAMA KAYNAĞI
Özgün Kataloglama Kurumu TR-BiSEU
Kataloglama Dili tur
Çeviri Kurumu TR-BiSEU
Açıklama Kuralları rda
041 0# - DİL KODU
Metin ya da ses kaydının dil kodu xxx
044 ## - YAYINLAYAN/ÜRETEN KURULUŞUN ÜLKE KODU
ISO country code tu
050 ## - SINIFLAMA ve YER NUMARASI
Sınıflama Numarası R126
Yer Numarası .P43 2013
100 1# - KİŞİ ADI
Yazar Adı (Kişi adı) Pedanius Dioscorides, m. 40-90 civ.
240 10 - TEK BİÇİM BAŞLIK
Tekbiçim Başlık <a href="De Materia Medica">De Materia Medica</a>
Language of a work
245 1# - ESER ADI BİLDİRİMİ
Başlık Kitabü'l-Haşaiş Fi't-Tıb =
Alt Eseradı vb. De Materia Medica/
Sorumluluk Bildirimi m. 40-90 civ Pedanius Dioscorides ; Pedanius Dioscorides : Yayına hazırlayan Abdülkadir Coşkun, Yasin Coşkun..
246 ## - DEĞİŞİK BAŞLIK FORMU
Başlık uygun / kısa başlık İnceleme-Tıpkıbasım
250 ## - BASIM BİLDİRİMİ
Basım Bildirimi 64,31
264 #1 - ÜRERİM, YAYIN, DAĞITIM ve TELİF BİLDİRİMİ
Yayın yeri İstanbul :
Yayınlayan Türkiye Yazma Eserler Kurumu Başkanlığı
Yayın tarihi 2012
300 ## - FİZİKSEL TANIMLAMA
Sayfa, Cilt vb. 37, 374 sayfa ;
Boyutları 35 cm.
336 ## - İÇERİK TÜRÜ
Content type term metin
Content type code txt
Source rdacontent
337 ## - MEDYA TÜRÜ
Media type term aracısız
Media type code n
Source rdamedia
338 ## - TAŞIYICI TÜRÜ
Carrier type term cilt
Carrier type code nc
Source rdacarrier
490 1# - DİZİ BİLDİRİMİ
Dizi Bildirimi Türkiye Yazma Eserler Kurumu Başkanlığı yayınları ;
Cilt Numarası 8.
490 1# - DİZİ BİLDİRİMİ
Dizi Bildirimi Tıpkıbasım serisi ;
Cilt Numarası 6
500 ## - GENEL NOT
Genel Not Arapça çevirisi: İstefan B. Basil'in (9. yy.) çevirisi, Huneyn b. İshak'ın (ö. 873)
500 ## - GENEL NOT
Genel Not Arşiv kayıt: Süleymaniye Yazma Eser Kütüphanesi, Ayasofya Koleksiyonu, No.3702
650 #0 - KONU BAŞLIĞI EK GİRİŞ - KONU TERİMİ
Konusal terim veya coğrafi ad Bitkibilim.
9 (RLIN) 84040
650 #0 - KONU BAŞLIĞI EK GİRİŞ - KONU TERİMİ
Konusal terim veya coğrafi ad Farmakoloji.
9 (RLIN) 46296
650 #0 - KONU BAŞLIĞI EK GİRİŞ - KONU TERİMİ
Konusal terim veya coğrafi ad Tıb.
9 (RLIN) 84041
650 #0 - KONU BAŞLIĞI EK GİRİŞ - KONU TERİMİ
Konusal terim veya coğrafi ad Tıp.
9 (RLIN) 33803
650 #0 - KONU BAŞLIĞI EK GİRİŞ - KONU TERİMİ
Konusal terim veya coğrafi ad Stephanos.
9 (RLIN) 84042
830 1# - SERİ EK GİRİŞİ - TEKBİÇİM ESER ADI
Tekbiçim Başlık Türkiye Yazma Eserler Kurumu Başkanlığı yayınları ;
Volume number/sequential designation 8.
9 (RLIN) 84004
830 1# - SERİ EK GİRİŞİ - TEKBİÇİM ESER ADI
Tekbiçim Başlık Tıpkıbasım serisi ;
Volume number/sequential designation 6
9 (RLIN) 84016
856 40 - ELEKTRONİK YER ve ERİŞİM
Kaynak Tanımlayıcı (URL) <a href="http://www.ekitap.yek.gov.tr/Home/Show2?BOOK_NO=8">http://www.ekitap.yek.gov.tr/Home/Show2?BOOK_NO=8</a>
942 ## - EK GİRİŞ ÖGELERİ (KOHA)
Source of classification or shelving scheme Library of Congress Classification
Koha item type Book
Holdings
Materyal Türü Kalıcı Konum Mevcut Konum Raf Yeri Sınıflandırma Kaynağı Edinim Bilgisi Ana Konular Alt Konular Yer Numarası Demirbaş Numarası Fatura Tarihi Maliyet, Alış Fiyatı Maliyet, Yenileme Fiyatı Geri Çekilme Durumu Kayıp Durumu Hasarlı Durumu Kredi için değil Kayıt Tarih Toplam Ödünçverme Son Görülme Tarihi Son Kontrol Tarihi Genel / Bağış Notu
Book Prof. Dr. Azmi Özcan Kütüphanesi Prof. Dr. Azmi Özcan Kütüphanesi Birûni Salonu Library of Congress Classification Bağış TIP Tıp (Genel) R126 .P43 2013 0045614 02/02/2026 64.31 64.31         05/02/2014   05/12/2024 05/12/2024 Türkiye Yazma Eserler Kurumu Başkanlığı